The Birth of Modern Europe / Cambridge Introduction to the History of Mankind: Book 6 (Record no. 5627)
[ view plain ]
| 000 -LEADER | |
|---|---|
| fixed length control field | 01491cam a22002054a 4500 |
| 005 - ΗΜΕΡΟΜΗΝΙΑ ΚΑΙ ΩΡΑ ΤΕΛΕΥΤΑΙΑΣ ΕΝΗΜΕΡΩΣΗΣ | |
| Πεδίο ελέγχου | 20250605164218.0 |
| 008 - FIXED-LENGTH DATA ELEMENTS--GENERAL INFORMATION | |
| Πεδίο ελέγχου σταθερού μήκους | 250528s ||||||||||||||||||||||||d |
| 035 ## - SYSTEM CONTROL NUMBER | |
| System control number | 20528 |
| 020 ## - ISBN | |
| ISBN | 521077281 |
| 040 ## - ΠΗΓΗ ΚΑΤΑΛΟΓΟΓΡΑΦΗΣΗΣ | |
| Φορέας πρωτότυπης καταλογογράφησης | MC Athens Campus Library |
| Γλώσσα καταλογογράφησης | Ελληνικά, Μοντέρνα (1453-) |
| Modifying agency | MC Athens Campus Library |
| Κανόνες περιγραφικής καταλογογράφησης | AACR2 |
| 245 1# - ΤΙΤΛΟΣ ΚΑΙ ΔΗΛΩΣΗ ΥΠΕΥΘΥΝΟΤΗΤΑΣ | |
| Τίτλος | The Birth of Modern Europe / Cambridge Introduction to the History of Mankind: Book 6 |
| 260 ## - PUBLICATION, DISTRIBUTION, ETC. | |
| Name of publisher, distributor, etc. | Cambridge University Press, |
| Date of publication, distribution, etc. | 1975 |
| 300 ## - PHYSICAL DESCRIPTION | |
| Extent | 96 |
| 505 0# - FORMATTED CONTENTS NOTE | |
| Formatted contents note | Periods and People and Portraits, Renaissance Europe, The Tudor in Monarchy in England, Nation-States' of Early Modern Europe, Italy and the Renaissance, The New Pattern of War, Reformation Europe, Germany and the Protestant Reformation, The Puritan Churches, The Catholic Revival, The Wars of Religion, The English Revolution, Elizabeth and Her People, Towards Civil War, How Parliament Won, The Army Takes Over, Dictator of England, Happy Restoration and Glorious Revolution. |
| 520 ## - SUMMARY, ETC. | |
| Summary, etc. | Periods and People and Portraits, Renaissance Europe, The Tudor in Monarchy in England, Nation-States' of Early Modern Europe, Italy and the Renaissance, The New Pattern of War, Reformation Europe, Germany and the Protestant Reformation, The Puritan Churches, The Catholic Revival, The Wars of Religion, The English Revolution, Elizabeth and Her People, Towards Civil War, How Parliament Won, The Army Takes Over, Dictator of England, Happy Restoration and Glorious Revolution. |
| 700 1# - ΠΡΟΣΘΕΤΗ ΑΝΑΓΡΑΦΗ--ΦΥΣΙΚΟ ΠΡΟΣΩΠΟ | |
| Personal name | Cairns Trevor |
| 9 (RLIN) | 2796 |
| 942 ## - ADDED ENTRY ELEMENTS (KOHA) | |
| Koha item type | Books |
| Τύπος τεκμηρίου | Βιβλιοθήκη | Τρέχουσα τοποθεσία | Barcode | Αριθμός εισαγωγής | Ημερομηνία απόκτησης | Ταξιθετικό σύμβολο | Αριθμός αντιτύπου | Κατάσταση απόσυρσης | Κατάσταση χαμένου | Κατάσταση κατεστραμμένου | Μη δανεισμός | Σύνολο δανεισμών | Ημερομηνία τελευταίας εμφάνισης | Η τιμή ισχύει από |
|---|---|---|---|---|---|---|---|---|---|---|---|---|---|---|
| Books | MC Athens Campus Library | MC Athens Campus Library | 9780000056269 | 7006 | 05/06/2025 | 940.19 CAI | 5 | 05/06/2025 | 05/06/2025 |